Visual Basic Developers guide (Record no. 342901)

000 -LEADER
fixed length control field 00343 a2200121 4500
020 ## - INTERNATIONAL STANDARD BOOK NUMBER
International Standard Book Number 8176562114
090 ## - LOCALLY ASSIGNED LC-TYPE CALL NUMBER (OCLC); LOCAL CALL NUMBER (RLIN)
-- 334
-- 334
100 ## - MAIN ENTRY--PERSONAL NAME
Personal name Jerke, Noel
245 ## - TITLE STATEMENT
Title Visual Basic Developers guide
Remainder of title to E-Commerce with ASP and SQL Server
Statement of responsibility, etc. Jerke, Noel
260 ## - PUBLICATION, DISTRIBUTION, ETC.
Place of publication, distribution, etc. New Delhi
Name of publisher, distributor, etc. BPB Publication
Date of publication, distribution, etc. 2000
300 ## - PHYSICAL DESCRIPTION
Extent 721 p.
942 ## - ADDED ENTRY ELEMENTS (KOHA)
Institution code [OBSOLETE] NBS
Koha item type Book
Call number prefix 658.84 JER
Holdings
Withdrawn status Lost status Damaged status Not for loan Permanent Location Current Location Date acquired Total Checkouts Full call number Barcode Date last seen Price effective from Koha item type
        Central Library (CL) Central Library (CL) 08/28/2013   658.84 JER NBS3457 08/28/2013 08/28/2013 Book
© 2023 Central Library, National University of Sciences and Technology. All Rights Reserved.